000 00201nam a2200085Ia 4500
008 170617s9999 xx 000 0 und d
100 _agupta Prabhankar
245 0 _aAdvanced Mathamatics
260 _bMeerut Pragati
260 _c2008
999 _c15448
_d15448